World Capitals - Turkish to English - Statistics

General Stats
  • This quiz has been taken 279 times
  • The average score is 9 of 16
Answer Stats
Türkçe English % Correct
Londra London
91%
Atina Athens
87%
Vatikan Şehri Vatican City
87%
Bağdat Baghdad
86%
Bükreş Bucharest
70%
Varşova Warsaw
69%
Kâbil Kabul
61%
Kahire Cairo
56%
Lefkoşa Nicosia
50%
Tiflis Tbilisi
49%
Hartum Khartoum
47%
Kişinev Chişinău
46%
Kudüs Jerusalem
41%
Nuakşot Nouakchott
36%
Cezayir Algiers
32%
Şam Damascus
27%
No matching quizzes found
Score Distribution
Percent of People with Each Score
Percentile by Number Answered
Your Score History
You have not taken this quiz